Normal view
MARC view
- مسودة، سناء
Entry Personal Name
001 - CONTROL NUMBER
- control field: 64938
003 - CONTROL NUMBER IDENTIFIER
- control field: JO-AjAnu
005 - DATE AND TIME OF LATEST TRANSACTION
- control field: 20231211112750.0
008 - FIXED-LENGTH DATA ELEMENTS
- fixed length control field: 231211|| aca||aabn | a|a d
040 ## - CATALOGING SOURCE
- Original cataloging agency: JO-AjAnu
100 ## - HEADING--PERSONAL NAME
- Linkage: مسودة، سناء
- Personal name: مسودة، سناء